Minnesota Timberwolves 2020s Top 10 Leaders - Statistics

General Stats
  • This quiz has been taken 239 times
    51 since last reset
  • The average score is 9 of 16
Answer Stats
Player % Correct
Anthony Edwards
100%
Karl-Anthony Towns
98%
Mike Conley
98%
Rudy Gobert
96%
Jaden McDaniels
93%
Julius Randle
76%
Naz Reid
74%
Donte DiVincenzo
67%
D'Angelo Russell
52%
Nickeil Alexander-Walker
46%
Kyle Anderson
37%
Jarred Vanderbilt
33%
Malik Beasley
26%
Josh Okogie
17%
Jaylen Nowell
11%
Jordan McLaughlin
11%
No matching quizzes found
Score Distribution
Percent of People with Each Score
Percentile by Number Answered
Your Score History
You have not taken this quiz since the last reset